ბათუმის შოთა რუსთაველის სახელმწიფო უნივერსიტეტის ბიბლიოთეკა

განდეგილი (ბიბ.ჩანაწერი № 48995)

000 -LEADER
fixed length control field 00644nam a2200229Ia 4500
001 - CONTROL NUMBER
control field 15900
003 - CONTROL NUMBER IDENTIFIER
control field GE_BSU
008 - FIXED-LENGTH DATA ELEMENTS--GENERAL INFORMATION
fixed length control field 181216s||||||||xx |||||||||||||| ||und||
040 ## - CATALOGING SOURCE
Transcribing agency GE_BSU
080 ## - UNIVERSAL DECIMAL CLASSIFICATION NUMBER
Universal Decimal Classification number 821.353.1-11
100 ## - MAIN ENTRY--PERSONAL NAME
Personal name ჭავჭავაძე, ი. (ილია, 1837-1907)
245 ## - TITLE STATEMENT
Title განდეგილი
245 ## - TITLE STATEMENT
Remainder of title პოემა
245 ## - TITLE STATEMENT
Statement of responsibility, etc. რედ. კ. ბობოხიძე
260 ## - PUBLICATION, DISTRIBUTION, ETC.
Place of publication, distribution, etc. თბილისი
260 ## - PUBLICATION, DISTRIBUTION, ETC.
Name of publisher, distributor, etc. სახელგამი
260 ## - PUBLICATION, DISTRIBUTION, ETC.
Date of publication, distribution, etc. 1951
300 ## - PHYSICAL DESCRIPTION
Extent 22 გვ. ; 21 სმ.
653 ## - INDEX TERM--UNCONTROLLED
Uncontrolled term განდეგილი
653 ## - INDEX TERM--UNCONTROLLED
Uncontrolled term პოემა
942 ## - ADDED ENTRY ELEMENTS (KOHA)
Koha item type წიგნი
ეგზემპლარები
Withdrawn status Lost status Damaged status Not for loan Date acquired Barcode Date last seen Price effective from Koha item type
        2018-12-17 39143 2018-12-17 2018-12-17 წიგნი
        2018-12-17 39144 2018-12-17 2018-12-17 წიგნი
        2018-12-17 39145 2018-12-17 2018-12-17 წიგნი
        2018-12-17 39146 2018-12-17 2018-12-17 წიგნი
        2018-12-17 39147 2018-12-17 2018-12-17 წიგნი
        2018-12-17 39148 2018-12-17 2018-12-17 წიგნი
        2018-12-17 39149 2018-12-17 2018-12-17 წიგნი
        2018-12-17 39150 2018-12-17 2018-12-17 წიგნი
        2018-12-17 39151 2018-12-17 2018-12-17 წიგნი